[Event "DVM U12w 2022"]
[Site "Berlin GER"]
[Date "2022.12.29"]
[Round "6"]
[White "Vogt, Luna"]
[Black "Shynkar, Daria"]
[Result "1-0"]
[Termination "normal"]
[Board "1.1"]
[WhiteElo "1345"]
[BlackElo "1089"]
[WhiteTeam "Schachgemeinschaft Porz e. V."]
[BlackTeam "SchachAkademiePaderborn e. V."]
[PlyCount "96"]
[WhiteFideId "34607153"]
[BlackFideId "34163212"]
[EventCountry "GER"]
[EventRounds "7"]
[EventType "team-swiss"]
[EventDate "2022.12.26"]

{[%evp 0,96,19,31,14,30,23,-7,6,-18,11,-3,-2,-21,2,3,30,36,28,39,25,9,17,0,37,
47,52,54,49,66,44,47,73,46,61,66,74,93,131,121,121,115,109,114,115,116,142,138,
167,164,168,160,164,154,149,156,173,136,165,182,191,180,199,309,291,243,332,
397,445,473,627,688,1300,1428,1521,1543,1562,1777,2441,2430,28038,29974,29977,
29978,29979,29978,29979,29982,29983,29982,29985,29984,29987,29988,29989,29990,
29991,29992,29997]} 1. d4 Nf6 2. Nf3 d5 3. g3 c5 4. c3 Nc6 5. Bg2 e6 6. O-O Qb6
7. Qb3 c4 8. Qxb6 axb6 9. Bf4 b5 10. Nbd2 Be7 11. Rfe1 h6 12. e4 dxe4 13. Nxe4
Nxe4 14. Rxe4 O-O 15. Ne5 Ra7 16. Ree1 Nxe5 17. dxe5 Bd7 18. Be3 b6 19. Bxb6
Ra6 20. Bd4 Bc6 21. a3 Bxg2 22. Kxg2 Rc8 23. Rad1 Bc5 24. Bxc5 Rxc5 25. Rd8 Kh7
26. Rd7 Kg6 27. f4 Rac6 28. Red1 Rc7 29. Kf3 Rxd7 30. Rxd7 Rd5 31. Rxd5 exd5
32. g4 h5 33. h3 hxg4 34. hxg4 f5 35. g5 Kf7 36. Ke3 Ke6 37. Kd4 g6 38. Kc5 Kd7
39. Kxb5 d4 40. cxd4 Ke6 41. Kxc4 Ke7 42. d5 Kd7 43. Kc5 Ke7 44. Kc6 Ke8 45.
Kc7 Ke7 46. e6 Ke8 47. d6 Kf8 48. d7 Ke7 1-0

[Event "DVM U12w 2022"]
[Site "Berlin GER"]
[Date "2022.12.29"]
[Round "6"]
[White "Hladeniuk, Yelyzaveta"]
[Black "Brandt, Clara"]
[Result "1-0"]
[Termination "normal"]
[Board "1.2"]
[WhiteElo "1146"]
[BlackElo "1163"]
[WhiteTeam "SchachAkademiePaderborn e. V."]
[BlackTeam "Schachgemeinschaft Porz e. V."]
[PlyCount "86"]
[WhiteFideId "34176128"]
[BlackFideId "34614737"]
[EventCountry "GER"]
[EventRounds "7"]
[EventType "team-swiss"]
[EventDate "2022.12.26"]

{[%evp 0,53,19,31,19,0,-3,-3,39,8,8,25,17,17,33,19,2,-2,1,-2,2,0,0,3,-2,-3,1,
-8,-9,-7,1,-7,-8,-9,-12,-9,-4,-9,-7,-11,0,-3,43,-6,0,-22,-7,-3,-1,-112,-1,-92,
-3,-83,38,15]} 1. d4 d5 2. c4 e6 3. Nc3 c6 4. cxd5 exd5 5. Bf4 Bf5 6. e3 Bd6 7.
Bxd6 Qxd6 8. Nf3 Nf6 9. Bd3 Bxd3 10. Qxd3 O-O 11. O-O Nbd7 12. Rfe1 Rfe8 13. h3
Ne4 14. Nd2 Nxd2 15. Qxd2 Nf6 16. a3 Re7 17. Rac1 Ne4 18. Qc2 Nxc3 19. Qxc3 Re4
20. g3 Qg6 21. Qd3 Rae8 22. Qe2 Qh6 23. Kg2 Qg6 24. Rh1 Rh4 25. b4 a6 26. a4 f5
27. Qd3 Rhe4 28. b5 Ra8 29. bxa6 Rxa6 30. Qb3 Re7 31. Qb4 Rd7 32. Rc5 Qd6 33.
Qb3 Ra7 34. Ra1 Qc7 35. Qc2 Rf7 36. Rc1 Ra6 37. Qb3 g6 38. Rxd5 Qe7 39. Re5 Qd7
40. Rcc5 Kg7 41. Ra5 Rxa5 42. Rxa5 Re7 43. Ra8 Qd5 1-0

[Event "DVM U12w 2022"]
[Site "Berlin GER"]
[Date "2022.12.29"]
[Round "6"]
[White "Ramien, Eva"]
[Black "Cao, Weiqi"]
[Result "0-1"]
[Termination "normal"]
[Board "1.3"]
[WhiteElo "915"]
[BlackElo "1116"]
[WhiteTeam "Schachgemeinschaft Porz e. V."]
[BlackTeam "SchachAkademiePaderborn e. V."]
[PlyCount "64"]
[WhiteFideId "16275390"]
[BlackFideId "34630112"]
[EventCountry "GER"]
[EventRounds "7"]
[EventType "team-swiss"]
[EventDate "2022.12.26"]

1. e4 e6 2. Qe2 Be7 3. d3 d5 4. Nf3 Nf6 5. g3 O-O 6. Bg2 Nc6 7. O-O Re8 8. e5
Nd7 9. c4 Bc5 10. Bf4 Nd4 11. Nxd4 Bxd4 12. Be3 Bxe5 13. cxd5 exd5 14. Bxd5 Nf6
15. Bg2 Bg4 16. Qd2 c6 17. Nc3 Bd4 18. Bxd4 Qxd4 19. Rfe1 Bf5 20. Red1 Bg4 21.
Re1 Bf5 22. Rxe8 Rxe8 23. Rd1 Rd8 24. Bf1 Ng4 25. Bh3 Nxf2 26. Qxf2 Qxf2 27.
Kxf2 Bxh3 28. Ke3 Re8 29. Kf3 h5 30. Ne4 Bg4 31. Kf2 Bxd1 32. Nc3 Bg4 0-1

[Event "DVM U12w 2022"]
[Site "Berlin GER"]
[Date "2022.12.29"]
[Round "6"]
[White "Achilles, Rosa"]
[Black "Daaboul, Dima"]
[Result "0-1"]
[Termination "normal"]
[Board "1.4"]
[WhiteElo "996"]
[BlackElo "885"]
[WhiteTeam "SchachAkademiePaderborn e. V."]
[BlackTeam "Schachgemeinschaft Porz e. V."]
[PlyCount "54"]
[WhiteFideId "34630066"]
[BlackFideId "34619720"]
[EventCountry "GER"]
[EventRounds "7"]
[EventType "team-swiss"]
[EventDate "2022.12.26"]

{[%evp 0,54,19,-17,1,-10,-10,-5,6,-28,-38,-18,27,35,28,7,10,7,0,-18,0,-19,-23,
-33,-29,-55,-40,-57,-57,-40,56,-201,-185,-254,-149,-147,-78,-540,-578,-637,
-351,-351,-350,-336,-314,-471,-471,-506,-585,-719,-1009,-1308,-689,-736,-795,
-1151,-938]} 1. g3 d5 2. d4 Bf5 3. Bg2 Nc6 4. Nc3 e6 5. Nf3 Qd7 6. O-O O-O-O 7.
Bf4 f6 8. Nh4 Bg4 9. Nf3 g5 10. Be3 h5 11. h3 Bxf3 12. Bxf3 g4 13. hxg4 hxg4
14. Bxg4 Qh7 15. Kg2 f5 16. Bxf5 exf5 17. Rh1 Bh6 18. Rxh6 Nxh6 19. Qh1 Rd6 20.
Bf4 Re6 21. e3 Qg7 22. f3 Ng4 23. Qg1 Rh2 24. Kf1 Qh7 25. fxg4 Rh1 26. Kg2 Qh3
27. Kf3 fxg4 0-1

[Event "DVM U12w 2022"]
[Site "Berlin GER"]
[Date "2022.12.29"]
[Round "6"]
[White "Xiao, Yiyi"]
[Black "Mehner, Clara"]
[Result "1-0"]
[Termination "normal"]
[Board "2.1"]
[WhiteElo "1162"]
[BlackElo "1200"]
[WhiteTeam "SC Weisse Dame e.V."]
[BlackTeam "USG Chemnitz"]
[PlyCount "129"]
[WhiteFideId "34605665"]
[BlackFideId "34612165"]
[EventCountry "GER"]
[EventRounds "7"]
[EventType "team-swiss"]
[EventDate "2022.12.26"]

{[%evp 0,129,11,39,47,36,39,28,29,20,20,33,23,10,44,40,36,1,0,2,26,-1,143,28,
24,23,22,-1,20,-20,-1,26,5,25,99,81,81,86,454,124,126,124,126,98,158,155,152,
83,85,38,67,-7,71,-19,37,26,83,77,231,228,228,225,227,228,223,225,221,201,210,
158,308,186,485,213,526,517,483,530,624,375,714,385,375,304,285,263,664,721,
729,352,353,357,550,629,622,637,620,256,287,302,318,330,352,381,488,531,583,
656,934,903,908,1340,1393,1336,908,1416,1865,2337,29987,29986,29995,29996,
29997,29990,29991,29992,29993,29994,29995,29994,29999,-30000]} 1. e4 e6 2. d4
d5 3. exd5 exd5 4. Nf3 Bd6 5. Bd3 Ne7 6. O-O O-O 7. h3 Bf5 8. Bg5 f6 9. Bh4 Nd7
10. Re1 Re8 11. Nc3 Bxd3 12. Qxd3 c6 13. Re2 Qb6 14. b3 Ng6 15. Rae1 Rxe2 16.
Qxe2 Bb4 17. Qe6 Kf8 18. Bg3 Rd8 19. Bd6 Bxd6 20. Qxd6 Kf7 21. Na4 Qa5 22. Qe6
Kf8 23. Qe3 Qb4 24. c3 Qa3 25. Qd2 Kf7 26. Qb2 Qd6 27. c4 Ndf8 28. Nc5 b6 29.
Nb7 Qd7 30. Nxd8 Qxd8 31. Qd2 Ne6 32. Qe3 Nc7 33. cxd5 Qxd5 34. Qe4 Qb5 35. Nd2
Kf8 36. Nc4 c5 37. d5 Qd7 38. d6 Nb5 39. a4 Nc3 40. Qd3 Na2 41. a5 Nb4 42. Qd2
Nf4 43. Qxf4 Nd3 44. Qe3 Nxe1 45. Qxe1 bxa5 46. Qxa5 Kf7 47. Qc7 Ke6 48. Qxd7
Kxd7 49. f4 f5 50. Kf2 Ke6 51. g4 fxg4 52. hxg4 Kd7 53. Ke3 Ke6 54. f5 Kd7 55.
Ke4 Kc6 56. Ke5 Kd7 57. Kd5 a6 58. Ne5 Ke8 59. Ke6 a5 60. d7 Kd8 61. Nf7 Kc7
62. d8=Q Kc6 63. Qd7 Kb6 64. Nd6 Ka6 65. Qb7# 1-0

[Event "DVM U12w 2022"]
[Site "Berlin GER"]
[Date "2022.12.29"]
[Round "6"]
[White "John, Linnea"]
[Black "Fruth, Julia"]
[Result "1-0"]
[Termination "normal"]
[Board "2.3"]
[WhiteElo "1326"]
[BlackElo "1081"]
[WhiteTeam "SC Weisse Dame e.V."]
[BlackTeam "USG Chemnitz"]
[PlyCount "40"]
[WhiteFideId "34623680"]
[BlackFideId "34603050"]
[EventCountry "GER"]
[EventRounds "7"]
[EventType "team-swiss"]
[EventDate "2022.12.26"]

1. e4 c5 2. Nf3 d6 3. Bb5 Nd7 4. d4 cxd4 5. Qxd4 e5 6. Qd1 Ngf6 7. Bg5 Be7 8.
Bxf6 Bxf6 9. Qxd6 Qa5 10. Nc3 a6 11. Bxd7 Bxd7 12. O-O-O Rd8 13. Nd5 Be6 14.
Nc7 Qxc7 15. Qxc7 O-O 16. Rxd8 Rxd8 17. Rd1 Rc8 18. Qxb7 Bg4 19. h3 Be6 20.
Qxa6 h6 1-0

[Event "DVM U12w 2022"]
[Site "Berlin GER"]
[Date "2022.12.29"]
[Round "6"]
[White "Lange, Lene Marie"]
[Black "Burchardi, Helena"]
[Result "0-1"]
[Termination "normal"]
[Board "2.4"]
[WhiteElo "975"]
[BlackElo "1044"]
[WhiteTeam "USG Chemnitz"]
[BlackTeam "SC Weisse Dame e.V."]
[PlyCount "140"]
[WhiteFideId "34639748"]
[BlackFideId "34636374"]
[EventCountry "GER"]
[EventRounds "7"]
[EventType "team-swiss"]
[EventDate "2022.12.26"]

1. e4 e5 2. Nf3 Nc6 3. Bb5 Nf6 4. Nc3 d6 5. d4 Bd7 6. Be3 Be7 7. O-O O-O 8.
dxe5 dxe5 9. Bxc6 Bxc6 10. Nxe5 Bxe4 11. Qxd8 Raxd8 12. Nxe4 Nxe4 13. Bxa7 b6
14. Nc6 Rd7 15. Rfe1 Nf6 16. Nxe7 Kh8 17. g4 Ra8 18. Nc6 Rd6 19. g5 Rxc6 20.
gxf6 gxf6 21. Bxb6 cxb6 22. Re3 Rxc2 23. Rb1 Rxa2 24. Rg3 Raxb2 25. Ra1 Rc8 26.
Ra7 Rg8 27. Rxf7 Rxg3 28. hxg3 b5 29. Rb7 Kg8 30. Kg2 Kf8 31. Kf3 Rb4 32. Rxh7
Rc4 33. Rh1 b4 34. Rb1 Rc3 35. Kg2 b3 36. g4 Kg7 37. f3 Rc2 38. Kg3 b2 39. Kh4
Kg6 40. f4 Kg7 41. f5 Kh6 42. Kg3 Kg5 43. Kf3 Rc3 44. Ke2 Rb3 45. Kd2 Kxg4 46.
Kc2 Rb5 47. Rxb2 Rxb2 48. Kxb2 Kxf5 49. Kc2 Ke4 50. Kd1 Kd3 51. Ke1 Ke3 52. Kf1
f5 53. Kg2 f4 54. Kf1 Kf3 55. Ke1 Kg2 56. Ke2 f3 57. Ke3 f2 58. Ke4 f1=Q 59.
Ke5 Qd3 60. Ke6 Qd4 61. Ke7 Qd5 62. Ke8 Qb7 63. Kd8 Kf3 64. Ke8 Qc7 65. Kf8 Qd7
66. Kg8 Qe7 67. Kh8 Kf4 68. Kg8 Kg5 69. Kh8 Kg6 70. Kg8 Qg7# 0-1

[Event "DVM U12w 2022"]
[Site "Berlin GER"]
[Date "2022.12.29"]
[Round "6"]
[White "Leicher, Anna"]
[Black "Hoffmann, Svenja"]
[Result "0-1"]
[Termination "normal"]
[Board "3.1"]
[WhiteElo "1248"]
[BlackElo "1431"]
[WhiteTeam "FC Bayern München e.V."]
[BlackTeam "Schachzwerge Magdeburg"]
[PlyCount "74"]
[WhiteFideId "34614966"]
[BlackFideId "16287312"]
[EventCountry "GER"]
[EventRounds "7"]
[EventType "team-swiss"]
[EventDate "2022.12.26"]

1. e4 e5 2. Nf3 Nc6 3. Bc4 Bc5 4. O-O d6 5. h3 h6 6. Nc3 Nf6 7. d3 Be6 8. Bb3
g5 9. Bxe6 fxe6 10. Be3 Bb6 11. d4 g4 12. dxe5 dxe5 13. Nh2 gxh3 14. Ng4 Nd4
15. Nxf6 Qxf6 16. Qh5 Ke7 17. Qxh3 Rag8 18. Rad1 Nf3 19. Kh1 Nh4 20. Rg1 Rg6
21. Rd3 Rhg8 22. g3 Bxe3 23. Rxe3 h5 24. Rd3 Rg4 25. Rgd1 Qxf2 26. Rd7 Ke8 27.
Rd8 Ke7 28. R1d7 Kf6 29. Rd2 Qf3 30. Kg1 Qe3 31. Kf1 Qf3 32. Kg1 Qe3 33. Kf1
Rf4 34. gxf4 Qxh3 35. Rg2 Qxg2 36. Ke1 Nf3 37. Kd1 Qf1# 0-1

[Event "DVM U12w 2022"]
[Site "Berlin GER"]
[Date "2022.12.29"]
[Round "6"]
[White "Rössling, Laura Marie"]
[Black "Ramakrishnan, Veda"]
[Result "1-0"]
[Termination "normal"]
[Board "3.2"]
[WhiteElo "1360"]
[BlackElo "1142"]
[WhiteTeam "Schachzwerge Magdeburg"]
[BlackTeam "FC Bayern München e.V."]
[PlyCount "90"]
[WhiteFideId "16289471"]
[BlackFideId "16269519"]
[EventCountry "GER"]
[EventRounds "7"]
[EventType "team-swiss"]
[EventDate "2022.12.26"]

{[%evp 0,80,19,38,60,60,55,58,56,25,18,31,33,39,35,15,9,15,53,43,33,17,64,21,
19,27,26,27,26,27,28,21,23,23,21,44,27,9,35,26,26,13,11,6,6,12,187,175,500,506,
858,301,308,266,304,314,1104,407,407,289,306,295,296,300,293,300,309,220,230,
220,423,223,247,192,253,201,217,148,238,196,878,275,811]} 1. e4 c6 2. d4 d5 3.
exd5 cxd5 4. Bd3 Nf6 5. Bf4 Nc6 6. c3 Bg4 7. Nf3 e6 8. Nbd2 Be7 9. O-O O-O 10.
Qc2 h6 11. h3 Bxf3 12. Nxf3 Bd6 13. Bxd6 Qxd6 14. Rfe1 Rac8 15. Qd2 Na5 16. Ne5
Nd7 17. Nxd7 Qxd7 18. Qc2 Rc7 19. Re3 Rfc8 20. Rg3 Nc4 21. Bxc4 Rxc4 22. Qd2
Re8 23. Qxh6 Kf8 24. Rxg7 Ke7 25. Qf4 Rf8 26. Qg5 Kd6 27. Re1 Qb5 28. Qf4 Ke7
29. Re2 Rxc3 30. Rxe6 Kxe6 31. bxc3 Qb1 32. Kh2 Qxa2 33. Qe3 Kd7 34. Qf3 Ke7
35. Qf4 Qc4 36. Qg5 Ke6 37. Qe5 Kd7 38. Qf6 Ke8 39. Qd6 Qc8 40. Qxd5 Qxc3 41.
Qe4 Kd8 42. Qd5 Ke8 43. Qxb7 Qxd4 44. Qb5 Ke7 45. Qg5 Ke8 1-0

[Event "DVM U12w 2022"]
[Site "Berlin GER"]
[Date "2022.12.29"]
[Round "6"]
[White "Mauhs, Helena"]
[Black "Funke, Luise"]
[Result "1-0"]
[Termination "normal"]
[Board "3.3"]
[WhiteElo "1122"]
[BlackElo "1091"]
[WhiteTeam "FC Bayern München e.V."]
[BlackTeam "Schachzwerge Magdeburg"]
[PlyCount "35"]
[WhiteFideId "34630279"]
[BlackFideId "34623752"]
[EventCountry "GER"]
[EventRounds "7"]
[EventType "team-swiss"]
[EventDate "2022.12.26"]

1. e4 e5 2. Nf3 Nc6 3. Bc4 Bc5 4. d3 d6 5. h3 Nf6 6. Nc3 Be6 7. Bxe6 fxe6 8.
O-O h6 9. Qe2 g5 10. Be3 Bb6 11. Rfe1 g4 12. hxg4 Nxg4 13. d4 Qf6 14. d5 Ne7
15. Nb5 O-O-O 16. Bxb6 axb6 17. Qc4 Qf4 18. Qxc7# 1-0

[Event "DVM U12w 2022"]
[Site "Berlin GER"]
[Date "2022.12.29"]
[Round "6"]
[White "Breja, Eva"]
[Black "Artemenko, Isabella"]
[Result "1-0"]
[Termination "normal"]
[Board "3.4"]
[WhiteElo "988"]
[BlackElo "937"]
[WhiteTeam "Schachzwerge Magdeburg"]
[BlackTeam "FC Bayern München e.V."]
[PlyCount "97"]
[WhiteFideId "34639632"]
[BlackFideId "34639616"]
[EventCountry "GER"]
[EventRounds "7"]
[EventType "team-swiss"]
[EventDate "2022.12.26"]

1. e4 e5 2. Nf3 Nc6 3. Bc4 Bc5 4. Nc3 Nf6 5. d3 d6 6. Be3 Bb6 7. h3 h6 8. Qd2
Be6 9. Bb3 Qd7 10. O-O-O O-O-O 11. d4 Rhe8 12. Rhe1 Bxb3 13. axb3 exd4 14. Nxd4
Nxe4 15. Nxe4 Rxe4 16. f3 Ree8 17. Qc3 f6 18. Nxc6 Bxe3 19. Rxe3 Qxc6 20. Rde1
Qxc3 21. bxc3 a6 22. Rxe8 Rxe8 23. Rxe8 Kd7 24. Rg8 Ke6 25. Rxg7 c6 26. Rxb7
Kd5 27. Rb6 Kc5 28. Rxa6 Kb5 29. Ra8 Kc5 30. Rh8 Kd5 31. Rxh6 Ke5 32. h4 Kf5
33. Rh8 Kg6 34. h5 Kg7 35. Rc8 c5 36. b4 Kh6 37. bxc5 dxc5 38. Rxc5 Kg7 39. Rf5
Kh6 40. c4 Kg7 41. c5 Kh6 42. c6 Kg7 43. c7 Kh6 44. c8=Q Kg7 45. Qd7 Kh6 46.
Qe6 Kg7 47. Qxf6 Kg8 48. Qe7 Kh8 49. Rf8# 1-0

[Event "DVM U12w 2022"]
[Site "Berlin GER"]
[Date "2022.12.29"]
[Round "6"]
[White "Abram, Kristina-Maria"]
[Black "Richter, Johanna"]
[Result "1/2-1/2"]
[Termination "normal"]
[Board "4.1"]
[WhiteElo "1166"]
[BlackElo "1390"]
[WhiteTeam "Hamburger SK von 1830 eV"]
[BlackTeam "Sfr. Heidesheim"]
[PlyCount "80"]
[WhiteFideId "16298349"]
[BlackFideId "16278925"]
[EventCountry "GER"]
[EventRounds "7"]
[EventType "team-swiss"]
[EventDate "2022.12.26"]

1. e4 c5 2. Nf3 Nc6 3. Bb5 g6 4. Bxc6 dxc6 5. Nc3 Bg7 6. e5 Bg4 7. d3 Bxe5 8.
Ne4 b6 9. c3 Bg7 10. O-O Nh6 11. h3 Bxf3 12. Qxf3 O-O 13. Ng3 Rc8 14. Re1 e6
15. Bf4 Qd5 16. Ne4 Nf5 17. g4 e5 18. Bd2 Nd6 19. Nf6 Bxf6 20. Qxf6 Ne8 21.
Qxe5 Qxe5 22. Rxe5 Ng7 23. Bh6 Rfe8 24. Bxg7 Kxg7 25. Rae1 Rxe5 26. Rxe5 Kf8
27. f4 Re8 28. Rxe8 Kxe8 29. Kf2 Ke7 30. Ke3 Ke6 31. Ke4 f5 32. gxf5 gxf5 33.
Ke3 h5 34. h4 a5 35. c4 b5 36. b3 bxc4 37. bxc4 a4 38. a3 Kd6 39. d4 cxd4 40.
Kxd4 c5 1/2-1/2

[Event "DVM U12w 2022"]
[Site "Berlin GER"]
[Date "2022.12.29"]
[Round "6"]
[White "Bakó, Isabella"]
[Black "Yan, Jenny"]
[Result "1-0"]
[Termination "normal"]
[Board "4.2"]
[WhiteElo "1202"]
[BlackElo "954"]
[WhiteTeam "Sfr. Heidesheim"]
[BlackTeam "Hamburger SK von 1830 eV"]
[PlyCount "71"]
[WhiteFideId "16287266"]
[BlackFideId "34630376"]
[EventCountry "GER"]
[EventRounds "7"]
[EventType "team-swiss"]
[EventDate "2022.12.26"]

1. e4 e5 2. Nf3 Nf6 3. Nxe5 d6 4. Nf3 Nxe4 5. Nc3 Nxc3 6. dxc3 Bg4 7. Be3 Be7
8. h3 Bh5 9. g4 Bg6 10. Qd2 Nc6 11. O-O-O Be4 12. Bg2 Qd7 13. g5 O-O-O 14. h4
Qg4 15. Bh3 Bxf3 16. Bxg4 Bxg4 17. Rdg1 Bd7 18. Qe2 g6 19. Bxa7 Rde8 20. Be3
Bf5 21. Qc4 Be6 22. Qa4 Kd7 23. Qb5 Rb8 24. Rd1 Bg4 25. Rd4 Kd8 26. Rxg4 Ne5
27. Rd4 Nc6 28. Rc4 Kd7 29. Rd1 Rhe8 30. a3 Bf8 31. Ra4 Kc8 32. Ba7 Re5 33. Rd5
Rxd5 34. Qxd5 Ra8 35. Qxf7 Rxa7 36. Qe8 1-0

[Event "DVM U12w 2022"]
[Site "Berlin GER"]
[Date "2022.12.29"]
[Round "6"]
[White "Fomenkova, Elina"]
[Black "Krannich, Eva"]
[Result "1-0"]
[Termination "normal"]
[Board "4.3"]
[WhiteElo "996"]
[BlackElo "948"]
[WhiteTeam "Hamburger SK von 1830 eV"]
[BlackTeam "Sfr. Heidesheim"]
[PlyCount "127"]
[WhiteFideId "34623760"]
[BlackFideId "34639713"]
[EventCountry "GER"]
[EventRounds "7"]
[EventType "team-swiss"]
[EventDate "2022.12.26"]

1. Nf3 e6 2. c4 f5 3. e3 c6 4. b3 d5 5. Be2 Nf6 6. O-O Bd6 7. Bb2 O-O 8. d3
Nbd7 9. Nbd2 h6 10. Re1 g5 11. d4 g4 12. Ne5 h5 13. c5 Bc7 14. f4 h4 15. Ng6
Rf7 16. Nxh4 Rh7 17. Ng6 g3 18. Nf1 gxh2 19. Nxh2 Nf8 20. Ne5 Bd7 21. g4 Be8
22. Bd3 Bxe5 23. dxe5 Ne4 24. Bxe4 dxe4 25. Qxd8 Rxd8 26. Rad1 Rdd7 27. Rxd7
Rxd7 28. gxf5 exf5 29. Bc3 Rd3 30. Bd4 Ne6 31. Kh1 Nxd4 32. exd4 Rxd4 33. Rg1
Kf7 34. Rg5 Ke6 35. Rg7 Rb4 36. Nf1 Kd5 37. Ne3 Ke6 38. Rg5 Rd4 39. Nxf5 Rd7
40. Ng7 Kf7 41. e6 Ke7 42. exd7 Kxd7 43. Nxe8 Kxe8 44. Re5 Kf8 45. Rxe4 b6 46.
cxb6 axb6 47. f5 b5 48. f6 c5 49. Rf4 c4 50. bxc4 bxc4 51. Rxc4 Kf7 52. a4 Kxf6
53. a5 Ke7 54. a6 Kd7 55. a7 Ke7 56. a8=Q Kd7 57. Qd5 Ke7 58. Re4 Kf6 59. Qd6
Kf5 60. Re1 Kg4 61. Qf6 Kh3 62. Qg6 Kh4 63. Re8 Kh3 64. Rh8# 1-0

[Event "DVM U12w 2022"]
[Site "Berlin GER"]
[Date "2022.12.29"]
[Round "6"]
[White "Prokscha, Charlotte"]
[Black "Dominick, Johanna"]
[Result "1-0"]
[Termination "normal"]
[Board "5.1"]
[WhiteElo "1430"]
[BlackElo "1431"]
[WhiteTeam "SC Garching 1980 e.V. 1"]
[BlackTeam "SC Borussia Lichtenberg"]
[PlyCount "99"]
[WhiteFideId "34614699"]
[BlackFideId "16296532"]
[EventCountry "GER"]
[EventRounds "7"]
[EventType "team-swiss"]
[EventDate "2022.12.26"]

{[%evp 0,79,28,23,74,22,35,17,-3,-8,3,5,24,4,18,-8,35,39,43,43,41,30,22,19,22,
24,29,21,30,30,73,45,59,41,48,47,73,47,33,19,10,19,145,150,150,144,182,172,176,
150,267,264,264,264,264,275,299,267,300,293,322,319,319,324,330,323,467,500,
543,543,591,529,29993,29994,29997,1170,29997,987,1077,1249,1533,1843]} 1. d4 d6
2. c4 Nf6 3. e3 g6 4. Be2 Bg7 5. Nc3 O-O 6. Bd2 c5 7. d5 Nbd7 8. Nf3 b6 9. O-O
Ng4 10. h3 Nge5 11. Qc1 Nxf3 12. Bxf3 Ne5 13. Be2 e6 14. e4 Nd7 15. Bh6 e5 16.
Bxg7 Kxg7 17. b3 Nf6 18. Bd3 Nh5 19. Ne2 Qh4 20. Qe1 Bxh3 21. gxh3 Qxh3 22. f3
Nf4 23. Nxf4 exf4 24. Qf2 Qg3 25. Qxg3 fxg3 26. Kg2 h5 27. Kxg3 g5 28. Rh1 h4
29. Kg4 Kh6 30. Rag1 f6 31. f4 Rae8 32. Rf1 Kg6 33. fxg5 fxg5 34. e5 Kh6 35. e6
Rg8 36. Rf6 Kg7 37. Kxg5 Ref8 38. Rxf8 Kxf8 39. Bg6 Ke7 40. Rxh4 Rg7 41. Rh7
Rxh7 42. Bxh7 a6 43. a4 a5 44. Kf5 Ke8 45. Bg6 Ke7 46. Bh5 Kf8 47. Kf6 Kg8 48.
e7 Kh7 49. e8=Q Kh6 50. Qg6# 1-0

[Event "DVM U12w 2022"]
[Site "Berlin GER"]
[Date "2022.12.29"]
[Round "6"]
[White "Klymenko, Mariia"]
[Black "Doberchak, Emily Alice"]
[Result "1-0"]
[Termination "normal"]
[Board "5.2"]
[WhiteElo "996"]
[BlackElo "883"]
[WhiteTeam "SC Borussia Lichtenberg"]
[BlackTeam "SC Garching 1980 e.V. 1"]
[PlyCount "83"]
[WhiteFideId "34620621"]
[BlackFideId "34630139"]
[EventCountry "GER"]
[EventRounds "7"]
[EventType "team-swiss"]
[EventDate "2022.12.26"]

1. e4 e5 2. Nf3 Nc6 3. Bc4 Bc5 4. c3 Nf6 5. d3 d6 6. O-O O-O 7. Be3 Bxe3 8.
fxe3 Be6 9. Nbd2 Ng4 10. Qe1 a6 11. h3 Nf6 12. Ng5 Bd7 13. Qh4 h6 14. Ngf3 b5
15. Bb3 a5 16. a3 a4 17. Ba2 Bc8 18. Rf2 Nh7 19. Qg3 Ne7 20. Raf1 Ng6 21. Nh2
Nf6 22. Nb1 c5 23. b4 cxb4 24. cxb4 Bb7 25. Nd2 d5 26. Ng4 Ra6 27. Nxf6 gxf6
28. exd5 Bxd5 29. Bxd5 Qxd5 30. d4 exd4 31. exd4 Qxd4 32. Nf3 Qd8 33. Nh4 Kh7
34. Nf5 Rg8 35. Qg4 Ne7 36. Qh4 Nxf5 37. Rxf5 Qa8 38. g3 Qb8 39. Kh2 Qd8 40.
Rxf6 Rxf6 41. Rxf6 Kg7 42. Qxh6# 1-0

[Event "DVM U12w 2022"]
[Site "Berlin GER"]
[Date "2022.12.29"]
[Round "6"]
[White "Berger, Jennifer"]
[Black "Ali, Maha"]
[Result "1-0"]
[Termination "normal"]
[Board "5.3"]
[WhiteElo "918"]
[BlackElo "1011"]
[WhiteTeam "SC Garching 1980 e.V. 1"]
[BlackTeam "SC Borussia Lichtenberg"]
[PlyCount "145"]
[WhiteFideId "34630074"]
[BlackFideId "34626581"]
[EventCountry "GER"]
[EventRounds "7"]
[EventType "team-swiss"]
[EventDate "2022.12.26"]

1. e4 c6 2. d4 d5 3. Nc3 dxe4 4. Nxe4 Bf5 5. Ng3 Bg6 6. Bf4 Nf6 7. Nf3 Nbd7 8.
Bd3 Bxd3 9. Qxd3 e6 10. O-O Be7 11. Rfe1 O-O 12. Rad1 Qa5 13. a3 Rad8 14. c3
Qb6 15. b4 c5 16. Qc4 cxb4 17. axb4 Rc8 18. Qd3 Nd5 19. Bd2 Rc6 20. Rc1 Rfc8
21. Ne4 N7f6 22. Nxf6 Bxf6 23. c4 Nxb4 24. Bxb4 Qxb4 25. c5 b6 26. Rb1 Qa5 27.
Ra1 Qb4 28. Reb1 Bxd4 29. Rxb4 Bxa1 30. Rc4 Bf6 31. Nd2 Rd8 32. Qe2 bxc5 33.
Ne4 Be5 34. g3 a5 35. Nxc5 Bf6 36. Nb7 Rxc4 37. Nxd8 Rc1 38. Kg2 Bxd8 39. Qd2
Rc8 40. Qd7 Be7 41. Qxc8 Bf8 42. Qa8 g6 43. Qxa5 Kg7 44. Qe5 Kg8 45. h4 h5 46.
f3 Bg7 47. Qb8 Bf8 48. g4 hxg4 49. fxg4 Kg7 50. Qe5 Kg8 51. h5 gxh5 52. gxh5
Bg7 53. Qf4 f6 54. Qg4 Kf7 55. Qg6 Kf8 56. h6 Bxh6 57. Qxh6 Ke7 58. Qg7 Kd6 59.
Qxf6 Kd5 60. Kf3 e5 61. Qf5 Kd4 62. Qe4 Kc3 63. Qxe5 Kd2 64. Qe2 Kc3 65. Qd1
Kc4 66. Ke4 Kc5 67. Qd5 Kb6 68. Qc4 Ka7 69. Qb5 Ka8 70. Kd5 Ka7 71. Kc6 Ka8 72.
Kc7 Ka7 73. Qb7# 1-0

[Event "DVM U12w 2022"]
[Site "Berlin GER"]
[Date "2022.12.29"]
[Round "6"]
[White "Bauer, Laura Sophie"]
[Black "Halas, Neele Zoe"]
[Result "0-1"]
[Termination "normal"]
[Board "6.1"]
[WhiteElo "1388"]
[BlackElo "1413"]
[WhiteTeam "Schachfreunde Roding"]
[BlackTeam "Schachgemeinschaft Leipzig"]
[PlyCount "99"]
[WhiteFideId "16253647"]
[BlackFideId "16287282"]
[EventCountry "GER"]
[EventRounds "7"]
[EventType "team-swiss"]
[EventDate "2022.12.26"]

1. e4 e6 2. d4 d5 3. Nd2 c5 4. exd5 Qxd5 5. Ngf3 cxd4 6. Bc4 Qd7 7. Nb3 Nc6 8.
O-O Be7 9. Nbxd4 Nxd4 10. Nxd4 a6 11. c3 Nf6 12. Re1 O-O 13. Bf4 Bc5 14. Nb3
Qxd1 15. Raxd1 Ba7 16. Nd4 b5 17. Bb3 Bb7 18. h3 Nd5 19. Bg3 Rac8 20. a3 Rfd8
21. Bh4 Re8 22. Nf5 exf5 23. Rxe8 Rxe8 24. Bxd5 Bxd5 25. Rxd5 g6 26. Bf6 Bb6
27. Rd6 Re6 28. Rxe6 fxe6 29. Kf1 Kf7 30. Be5 Ke7 31. Ke2 g5 32. f3 h6 33. g3
Kf7 34. g4 Kg6 35. f4 gxf4 36. Bxf4 fxg4 37. hxg4 h5 38. gxh5 Kxh5 39. Kd3 Kg6
40. Be5 Kf5 41. Bd4 Bc7 42. b3 e5 43. Be3 e4 44. Ke2 Bd6 45. b4 Be5 46. Bd4 Bf4
47. Be3 Bxe3 48. Kxe3 Ke5 49. Kd2 Kd5 50. Ke3 {nicht weiter nachvollziehbar }
0-1